书目信息 |
| 题名: |
上帝的眼睛
|
|
| 作者: | 瓦尔特·本雅明等 著 ;吴琼等 编 | |
| 分册: | ||
| 出版信息: | 北京 中国人民大学出版社 2005 |
|
| 页数: | 241页 | |
| 开本: | 21cm | |
| 丛书名: | 视觉文化系列丛书 | |
| 单 册: | ||
| 中图分类: | J40-02 | |
| 科图分类: | ||
| 主题词: | 摄影艺术--艺术 | |
| 电子资源: | ||
| ISBN: | 7-300-06947-9 | |
| 000 | 01185nam0 2200337 450 | |
| 000 | 01148nam0 2200325 450 | |
| 000 | 01117nam0 2200325 450 | |
| 000 | 01063nam0 2200301 450 | |
| 000 | 01081nam0 2200289 450 | |
| 000 | 01044nam0 2200277 45 | |
| 005 | 20070122102656.45 | |
| 010 | @a7-300-06947-9@dCNY22.80 | |
| 100 | @a20060829d2005 ekmy0chiy0121 ea | |
| 101 | 1 | @achi@ceng |
| 102 | @aCN@b110000 | |
| 105 | @aa z 000yy | |
| 200 | 1 | @a上帝的眼睛@AShang Di De Yan Jing@e摄影的哲学@EShe Ying De Zhe Xue@f瓦尔特·本雅明等著@FWa Er Te· Ben Ya Ming Deng Zhu@g吴琼等编 |
| 210 | @a北京@c中国人民大学出版社@d2005 | |
| 215 | @a241页@c图@d21cm | |
| 225 | 2 | @a视觉文化系列丛书 |
| 410 | 0 | @12001 @a视觉文化系列丛书 |
| 517 | 1 | @a摄影的哲学@AShe Ying De Zhe Xue |
| 606 | 0 | @a摄影艺术@x艺术 |
| 690 | @aJ40-02@v4 | |
| 701 | 1 | @a瓦尔特·本雅明等@AWa Er Te· Ben Ya Ming Deng@4著 |
| 702 | 0 | @a吴琼等@AWu Qiong Deng@4编 |
| 801 | 0 | @aCN@b中图数据@c20070122 |
| 905 | @a10447@dJ40-02@e191 | |
| 上帝的眼睛:摄影的哲学/瓦尔特·本雅明等著/吴琼等编.-北京:中国人民大学出版社,2005 |
| 241页:图;21cm.-(视觉文化系列丛书) |
| ISBN 7-300-06947-9:CNY22.80 |
| ● |
| 相关链接 |
|
|
|
|
正题名:上帝的眼睛
索取号:J40-02/191
 
预约/预借
| 序号 | 登录号 | 条形码 | 馆藏地/架位号 | 状态 | 备注 |
| 1 | 0618087 | 206180871 | 第一样本阅览室/ [索取号:J40-02/191] | 在馆 | |
| 2 | 0618088 | 206180880 | 第一借阅区/ [索取号:J40-02/191] | 在馆 | |
| 3 | 0618089 | 206180899 | 第一借阅区/ [索取号:J40-02/191] | 在馆 | |
| 4 | 0618090 | 206180906 | 第一借阅区/ [索取号:J40-02/191] | 在馆 | |
| 5 | 0618091 | 206180915 | 第一借阅区/ [索取号:J40-02/191] | 在馆 |